Поддержка выбора образовательной траектории индивидуума на основе онтологии; Новые исследования в разработке техники и технологий; № 2

Detalles Bibliográficos
Parent link:Новые исследования в разработке техники и технологий.— , 2013-
№ 2.— 2017.— [С. 61-68]
Autor Principal: Захарова А. А. Александра Александровна
Autor Corporativo: Национальный исследовательский Томский политехнический университет (ТПУ) Юргинский технологический институт (филиал) (ЮТИ) Кафедра информационных систем (ИС)
Outros autores: Лазарева А. Н. Анастасия Николаевна
Summary:Заглавие с экрана
В статье рассматривается проблема выбора индивидуумом своей образовательной траектории в течение жизни. Предлагается применение онтологического подхода к описанию предметной области. Особое внимание уделяется моделированию взаимоотношений субъектов, оказывающих влияние на выбор форм и направлений обучения индивидуума.
The paper deals with selecting a lifetime educational trajectory by an individual. The ontological approach is proposed for description of a subject domain. A special emphasis is put on modeling the relations between subjects influencing the selection of forms and academic programs by an individual.
Режим доступа: по договору с организацией-держателем ресурса
Idioma:ruso
Publicado: 2017
Series:Особенности подготовки специалистов по техническим специальностям
Subjects:
Acceso en liña:https://www.elibrary.ru/item.asp?id=32431807
Formato: MixedMaterials Electrónico Capítulo de libro
KOHA link:https://koha.lib.tpu.ru/cgi-bin/koha/opac-detail.pl?biblionumber=666791

MARC

LEADER 00000naa0a2200000 4500
001 666791
005 20250224141301.0
035 |a (RuTPU)RU\TPU\network\37995 
035 |a RU\TPU\network\24916 
090 |a 666791 
100 |a 20220127d2017 k||y0rusy50 ca 
101 0 |a rus 
102 |a RU 
135 |a drcn ---uucaa 
181 0 |a i  
182 0 |a b 
200 1 |a Поддержка выбора образовательной траектории индивидуума на основе онтологии  |d Support for the selection of an individual educational trajectory based on ontology  |f А. А. Захарова, А. Н. Лазарева 
203 |a Текст  |c электронный 
225 1 |a Особенности подготовки специалистов по техническим специальностям 
300 |a Заглавие с экрана 
320 |a [Библиогр.: 12 назв.] 
330 |a В статье рассматривается проблема выбора индивидуумом своей образовательной траектории в течение жизни. Предлагается применение онтологического подхода к описанию предметной области. Особое внимание уделяется моделированию взаимоотношений субъектов, оказывающих влияние на выбор форм и направлений обучения индивидуума. 
330 |a The paper deals with selecting a lifetime educational trajectory by an individual. The ontological approach is proposed for description of a subject domain. A special emphasis is put on modeling the relations between subjects influencing the selection of forms and academic programs by an individual. 
333 |a Режим доступа: по договору с организацией-держателем ресурса 
461 |t Новые исследования в разработке техники и технологий  |d 2013- 
463 |t № 2  |v [С. 61-68]  |d 2017 
510 1 |a Support for the selection of an individual educational trajectory based on ontology  |z eng 
610 1 |a электронный ресурс 
610 1 |a труды учёных ТПУ 
610 1 |a индивидуумы 
610 1 |a образовательные траектории 
610 1 |a принятие решений 
610 1 |a онтология 
610 1 |a отношения 
610 1 |a выбор 
610 1 |a обучение 
610 1 |a individual 
610 1 |a educational trajectory 
610 1 |a decision making 
610 1 |a ontology 
610 1 |a relations 
610 1 |a class 
700 1 |a Захарова  |b А. А.  |c специалист в области информатики и вычислительной техники  |c профессор Юргинского технологического института (филиала) Томского политехнического университета, доктор наук  |f 1976-  |g Александра Александровна  |3 (RuTPU)RU\TPU\pers\22758  |9 9789 
701 1 |a Лазарева  |b А. Н.  |c специалист в области информатики и вычислительной техники  |c ассистент Юргинского технологического института (филиала) Томского политехнического университета  |f 1991-  |g Анастасия Николаевна  |3 (RuTPU)RU\TPU\pers\35187  |9 18453 
712 0 2 |a Национальный исследовательский Томский политехнический университет (ТПУ)  |b Юргинский технологический институт (филиал) (ЮТИ)  |b Кафедра информационных систем (ИС)  |3 (RuTPU)RU\TPU\col\18893 
801 2 |a RU  |b 63413507  |c 20220127  |g RCR 
856 4 |u https://www.elibrary.ru/item.asp?id=32431807 
942 |c CF